[Event "Troy (TCC/B/2/15)"]
[Site "?"]
[Date "1993.??.??"]
[Round "?"]
[White "Collins, Charles"]
[Black "Stanulis, T."]
[Result "0-1"]
[WhiteElo "1725"]
[BlackElo "1605"]
[PlyCount "68"]
[EventDate "1993.??.??"]

{2/(15)} 1. Nf3 d5 2. d4 Bf5 3. c4 e6 4. g3 Nf6 5. Bg2 Nbd7 6. O-O c6 7. Nc3
Be7 8. Qb3 b6 9. Re1 O-O 10. Nh4 Bg6 11. Nxg6 fxg6 12. e4 c5 13. cxd5 exd5 14.
Nxd5 Nxd5 15. Qxd5+ Kh8 16. e5 cxd4 17. Qxa8 Qxa8 18. Bxa8 Rxa8 19. f4 Rc8 20.
Rd1 Bc5 21. Kg2 b5 22. b3 Bb4 23. a3 Rc2+ 24. Kh3 Bc3 25. Rb1 Kg8 26. b4 Nb6
27. g4 Nd5 28. f5 gxf5 29. gxf5 Kf7 30. Bg5 h6 31. Bd8 Ne3 32. Rdc1 Rf2 33. f6
g5 34. Rb3 Rf3# 0-1

[Event "Lansing (MI Am/3)"]
[Site "?"]
[Date "1993.??.??"]
[Round "?"]
[White "Collins, Charles"]
[Black "Smith, Mike A"]
[Result "0-1"]
[WhiteElo "1725"]
[BlackElo "1915"]
[PlyCount "68"]
[EventDate "1993.??.??"]

1. d4 Nf6 2. c4 c5 3. d5 b5 4. Nf3 g6 5. Nbd2 bxc4 6. e4 d6 7. Bxc4 Nbd7 8. O-O
Bg7 9. Re1 Ng4 10. Rb1 Nge5 11. b3 O-O 12. Bb2 Qa5 13. a4 Rb8 14. Qc2 Ba6 15.
Bxa6 Qxa6 16. Nxe5 Nxe5 17. Re3 Rb7 18. Ba1 Rfb8 19. h3 Bh6 20. Rg3 Qe2 21. Rd1
Bf4 22. Rc3 Bxd2 23. Qxd2 Qxd2 24. Rxd2 Rxb3 25. Rxb3 Rxb3 26. Bxe5 dxe5 27.
Rc2 Rb1+ 28. Kh2 Rb4 29. Rxc5 Rxa4 30. f3 f6 31. Rc8+ Kf7 32. Rc7 Ke8 33. Kg3
f5 34. exf5 gxf5 0-1

[Event "Troy (TCC/B/4/11)"]
[Site "?"]
[Date "1993.??.??"]
[Round "?"]
[White "Collins, Charles"]
[Black "Schwartz, M."]
[Result "0-1"]
[WhiteElo "1725"]
[BlackElo "1770"]
[PlyCount "82"]
[EventDate "1993.??.??"]

{4/(11)} 1. d4 d5 2. c4 e6 3. g3 Nf6 4. Bg2 Be7 5. Nf3 O-O 6. O-O c6 7. Qc2
Nbd7 8. Rd1 b6 9. Nc3 Bb7 10. Bd2 dxc4 11. Ne5 Nxe5 12. dxe5 Nd7 13. f4 Qc7 14.
Ne4 b5 15. b4 f5 16. exf6 Bxf6 17. Bc3 Bxc3 18. Qxc3 c5 19. bxc5 Bxe4 20. Bxe4
Qxc5+ 21. Qd4 Rac8 22. Kg2 Qxd4 23. Rxd4 Nf6 24. Bf3 Rfd8 25. Rad1 Rxd4 26.
Rxd4 c3 27. Rd1 Nd5 28. Rc1 b4 29. Kf2 a5 30. e4 Nb6 31. Ke2 Rd8 32. Rc2 Kf8
33. e5 Ke7 34. a3 Nd5 35. axb4 axb4 36. Rc1 Nb6 37. Rc2 Na4 38. Ra2 b3 39. Rxa4
c2 40. Ra7+ Kf8 41. Rc7 b2 0-1

[Event "Eastpointe (MI Action/1/27)"]
[Site "?"]
[Date "1993.??.??"]
[Round "?"]
[White "Collins, Charles"]
[Black "Robinson, B."]
[Result "1-0"]
[WhiteElo "1700"]
[BlackElo "1605"]
[PlyCount "59"]
[EventDate "1993.??.??"]

{1/(27)} 1. d4 d5 2. c4 dxc4 3. g3 e6 4. Bg2 Bb4+ 5. Bd2 Bxd2+ 6. Qxd2 Nc6 7.
Nf3 e5 8. d5 Nd4 9. Nxe5 c5 10. dxc6 Nf6 11. cxb7 Bxb7 12. Bxb7 Rb8 13. Bg2 O-O
14. O-O Nd5 15. Qxd4 Nb6 16. Qxd8 Rfxd8 17. Nc6 Rb7 18. Nxd8 Rd7 19. Nc6 Nd5
20. Rd1 Rd6 21. Rxd5 Rxd5 22. Bxd5 a5 23. Nc3 g6 24. Rd1 h5 25. Bxc4 Kg7 26.
Rd7 Kf6 27. Rxf7+ Kg5 28. Ne4+ Kg4 29. f3+ Kh3 30. Ng5# 1-0

[Event "Troy (TCC/B/5/12)"]
[Site "?"]
[Date "1993.??.??"]
[Round "?"]
[White "Collins, Charles"]
[Black "Marinelli, Philip"]
[Result "1-0"]
[WhiteElo "1725"]
[BlackElo "1790"]
[PlyCount "122"]
[EventDate "1993.??.??"]

{5/(12)} 1. d4 e6 2. c4 Bb4+ 3. Bd2 a5 4. Nf3 Nf6 5. g3 O-O 6. Bg2 Ne4 7. O-O
Nxd2 8. Nbxd2 Be7 9. Qc2 d6 10. e4 Nd7 11. Rac1 e5 12. d5 Nc5 13. Nb3 Nxb3 14.
axb3 f5 15. c5 fxe4 16. Qxe4 Bf5 17. Qc4 Rc8 18. Nxe5 Kh8 19. Nd3 Bxd3 20. Qxd3
dxc5 21. Be4 g6 22. Rfe1 Kg7 23. Qc3+ Bf6 24. Qxc5 Bxb2 25. Rc2 Qf6 26. Qxa5 b6
27. Qd2 Bd4 28. Rd1 Be5 29. f4 Bd6 30. Qd4 Bc5 31. Rxc5 Qxd4+ 32. Rxd4 bxc5 33.
Rc4 Kf6 34. Rxc5 Ke7 35. b4 Kd6 36. Rc6+ Kd7 37. b5 Rfe8 38. Bg2 Re1+ 39. Kf2
Rb1 40. Bh3+ Kd8 41. Bxc8 Kxc8 42. d6 Rxb5 43. Rxc7+ Kd8 44. Rxh7 Rd5 45. d7 g5
46. Kf3 gxf4 47. Kxf4 Rd2 48. g4 Rf2+ 49. Kg3 Rf1 50. h3 Rg1+ 51. Kf2 Rd1 52.
g5 Rd5 53. h4 Rf5+ 54. Kg3 Rf8 55. Kg4 Kc7 56. g6 Kd6 57. Rf7 Rg8 58. Kg5 Ke6
59. h5 Ra8 60. Rf6+ Kxd7 61. h6 Ra5+ 1-0

[Event "Eastpointe (MI Action/3/18)"]
[Site "?"]
[Date "1993.??.??"]
[Round "?"]
[White "Collins, Charles"]
[Black "Mahabir, Jagdesh"]
[Result "1-0"]
[WhiteElo "1700"]
[BlackElo "1605"]
[PlyCount "45"]
[EventDate "1993.??.??"]

{3/(18)} 1. d4 d5 2. c4 e6 3. g3 b6 4. Bg2 Bb7 5. Nf3 Nf6 6. O-O Nbd7 7. Qc2 c5
8. Rd1 cxd4 9. Nxd4 e5 10. Nb3 Bc5 11. Nxc5 Nxc5 12. cxd5 Qd7 13. b4 Na6 14.
Qd3 O-O 15. Bb2 Nc7 16. Bxe5 Nfxd5 17. e4 Qe6 18. Bxg7 Kxg7 19. exd5 Qf6 20.
Nc3 Rfe8 21. Re1 Qf5 22. Rad1 Rad8 23. g4 1-0

[Event "Eastpointe (MI Action/4/12)"]
[Site "?"]
[Date "1993.??.??"]
[Round "?"]
[White "Collins, Charles"]
[Black "Levadi, David"]
[Result "0-1"]
[WhiteElo "1700"]
[BlackElo "1930"]
[PlyCount "58"]
[EventDate "1993.??.??"]

{4/(12)} 1. d4 Nf6 2. c4 d5 3. g3 c6 4. Bg2 Bf5 5. Nf3 Nbd7 6. O-O e6 7. Re1
Bb4 8. Bd2 Bxd2 9. Qxd2 O-O 10. Nc3 Ne4 11. Nxe4 Bxe4 12. Rac1 Qe7 13. b4 a5
14. b5 Rfc8 15. bxc6 Rxc6 16. cxd5 Bxd5 17. e4 Rxc1 18. Qxc1 Bc6 19. d5 Bb5 20.
Nd4 Ba6 21. dxe6 fxe6 22. Bh3 Nc5 23. Qe3 Rf8 24. Rb1 g6 25. Rb6 e5 26. Ne6
Nxe6 27. Rxe6 Qb4 28. Rxe5 Qb1+ 29. Kg2 Qf1# 0-1

[Event "East Lansing (MOR/4/13)"]
[Site "?"]
[Date "1993.??.??"]
[Round "?"]
[White "Collins, Charles"]
[Black "Kane, Paul"]
[Result "1-0"]
[WhiteElo "1700"]
[BlackElo "1605"]
[PlyCount "65"]
[EventDate "1993.??.??"]

{4/(13)} 1. d4 d5 2. c4 c6 3. g3 Bf5 4. Bg2 Nf6 5. Nf3 e6 6. O-O Bd6 7. Nc3 O-O
8. Re1 Re8 9. Bg5 Nbd7 10. e4 dxe4 11. Nxe4 Be7 12. Nc3 Qc7 13. d5 cxd5 14.
cxd5 e5 15. Rc1 Bd6 16. Nh4 Bg4 17. Qb3 h6 18. Bxf6 Nxf6 19. Ne4 Qe7 20. Nxd6
Qxd6 21. Qxb7 g5 22. Rc6 Qd8 23. Nf3 e4 24. Nd2 Qxd5 25. Nxe4 Nxe4 26. Rg6+
fxg6 27. Qxd5+ Kh7 28. Qf7+ Kh8 29. Rxe4 Rf8 30. Qxg6 Bf5 31. Qxh6+ Kg8 32.
Qxg5+ Kh7 33. Rh4# 1-0

[Event "Lansing (MI Am/5)"]
[Site "?"]
[Date "1993.??.??"]
[Round "?"]
[White "Collins, Charles"]
[Black "Hayes, P."]
[Result "1-0"]
[WhiteElo "1735"]
[BlackElo "1605"]
[PlyCount "41"]
[EventDate "1993.??.??"]

1. f4 Nf6 2. d3 d5 3. Nf3 c5 4. g3 Bg4 5. Ne5 Nbd7 6. Nxg4 Nxg4 7. e4 Ngf6 8.
Bg2 dxe4 9. dxe4 e5 10. O-O Qb6 11. c4 Be7 12. b3 O-O 13. Nc3 exf4 14. Bxf4 Qe6
15. Nd5 Nxd5 16. Qxd5 Qa6 17. Qxd7 Bf6 18. e5 Rfd8 19. Qxb7 Qe6 20. exf6 g5 21.
Bxg5 {[Remainder illegible; 1-0, 26?]} 1-0

[Event "Eastpointe (EDO/5/16)"]
[Site "?"]
[Date "1993.??.??"]
[Round "?"]
[White "Collins, Charles"]
[Black "Belleau, A."]
[Result "1-0"]
[WhiteElo "1725"]
[BlackElo "1605"]
[PlyCount "39"]
[EventDate "1993.??.??"]

{5/(16)} 1. Nf3 d5 2. d4 c5 3. g3 Nc6 4. Bg2 Bf5 5. O-O cxd4 6. Nxd4 Nxd4 7.
Qxd4 Bxc2 8. Nc3 e6 9. Bf4 Nf6 10. Rac1 Bg6 11. Nb5 Nd7 12. Nc7+ Ke7 13. Nxa8
f6 14. Qb4+ Kf7 15. Qxb7 e5 16. Bxd5+ Ke7 17. Be3 Qa5 18. Bc5+ Ke8 19. Qc8+ Qd8
20. Nc7# 1-0

[Event "Trenton (Mar)"]
[Site "?"]
[Date "1993.??.??"]
[Round "?"]
[White "Clark, M."]
[Black "Vangilder, W."]
[Result "1-0"]
[WhiteElo "1605"]
[BlackElo "1605"]
[PlyCount "65"]
[EventDate "1993.??.??"]

1. e4 Nc6 2. d4 d6 3. Nf3 Nf6 4. Nc3 Bg4 5. Bb5 e6 6. Bg5 Be7 7. Qd2 a6 8. Be2
O-O 9. O-O-O d5 10. e5 Nd7 11. h4 b5 12. Qf4 b4 13. Qxg4 bxc3 14. Bh6 cxb2+ 15.
Kb1 Bf6 16. exf6 Qxf6 17. Bg5 Qg6 18. Bd3 f5 19. Qh3 Nf6 20. g4 Nxg4 21. Qf1
Na5 22. h5 Qe8 23. h6 g6 24. Qe1 Nc6 25. Bf4 Qe7 26. Ne5 Nxd4 27. Nxg6 Nxc2 28.
Nxe7+ Kf7 29. Qc3 Nxh6 30. Rxh6 Rab8 31. Rxh7+ Ke8 32. Qc6+ Kd8 33. Qxc7+ 1-0

[Event "East Lansing (MI Op/1a/15)"]
[Site "?"]
[Date "1993.??.??"]
[Round "?"]
[White "Clark, K."]
[Black "Turner, P."]
[Result "1-0"]
[WhiteElo "2030"]
[BlackElo "1775"]
[PlyCount "83"]
[EventDate "1993.??.??"]

1. d4 Nf6 2. Nf3 g6 3. c4 Bg7 4. Nc3 O-O 5. e4 d6 6. h3 Nc6 7. Be3 e5 8. d5 Ne7
9. Bd3 a6 10. O-O Ne8 11. Nh2 f5 12. exf5 Nxf5 13. Bd2 Nd4 14. Ne4 Bf5 15. Ng4
Qh4 16. Bg5 Qh5 17. Qd2 Bxg4 18. Ng3 Nf3+ 19. gxf3 Qxh3 20. fxg4 Qxg4 21. Be2
Qh3 22. Ne4 h6 23. Qe3 Qf5 24. Bh4 g5 25. Bg3 g4 26. Kg2 Rf7 27. Bd3 Qd7 28.
Rh1 Rf3 29. Qd2 Qf7 30. Be2 Rd8 31. Rh4 Qf5 32. Qc2 h5 33. Rah1 Rd7 34. Rxh5
Qf8 35. Bxf3 Qxf3+ 36. Kf1 Kf8 37. Ng5 Qxh1+ 38. Rxh1 Ke7 39. Ne6 Kf7 40. Rh7
Kg8 41. Qg6 Rf7 42. Ng5 1-0

[Event "East Lansing (MI Op/4/14)"]
[Site "?"]
[Date "1993.??.??"]
[Round "?"]
[White "Clark, K."]
[Black "Morris, Jewell"]
[Result "1-0"]
[WhiteElo "2030"]
[BlackElo "1940"]
[PlyCount "57"]
[EventDate "1993.??.??"]

{4/(14)} 1. d4 Nf6 2. c4 c5 3. d5 e6 4. Nc3 d6 5. e4 exd5 6. exd5 Bf5 7. Bd3
Qe7+ 8. Nge2 Bxd3 9. Qxd3 g6 10. O-O Bg7 11. Bg5 O-O 12. Rae1 Re8 13. f4 Na6
14. a3 Nc7 15. f5 h6 16. Bxf6 Bxf6 17. fxg6 fxg6 18. Qxg6+ Bg7 19. Ng3 Qxe1 20.
Rxe1 Rxe1+ 21. Kf2 Rae8 22. Nce4 Rc1 23. Nh5 Re7 24. Nhf6+ Kf8 25. Nh7+ Kg8 26.
Nef6+ Kh8 27. Ng5 Bxf6 28. Qxf6+ Rg7 29. Qf8+ 1-0

[Event "Flint (MEX/4)"]
[Site "?"]
[Date "1993.??.??"]
[Round "?"]
[White "Clark, K."]
[Black "Mellen, Steve"]
[Result "1-0"]
[WhiteElo "2010"]
[BlackElo "2025"]
[PlyCount "111"]
[EventDate "1993.??.??"]

1. d4 Nf6 2. Nf3 g6 3. c4 Bg7 4. Nc3 O-O 5. e4 d6 6. Be2 e5 7. O-O Nc6 8. d5
Ne7 9. Ne1 a5 10. a3 Nd7 11. Rb1 f5 12. exf5 gxf5 13. f4 e4 14. Be3 Nf6 15. Nc2
Qe8 16. Nb5 Qd7 17. Qd2 a4 18. Rbd1 b6 19. Qb4 Qd8 20. Qe1 Nd7 21. Bd4 Nc5 22.
Qg3 Ng6 23. Bh5 Qh4 24. Qxh4 Nxh4 25. Bxg7 Kxg7 26. Nxc7 Ra7 27. Nb5 Rd7 28.
Ncd4 Rf6 29. Rd2 Ba6 30. g3 Ng6 31. Kf2 Bxb5 32. Nxb5 Rd8 33. Ke3 Rc8 34. Be2
Ne7 35. Rfd1 Rh6 36. Bf1 Ng8 37. Nd4 Rf6 38. Be2 Rf7 39. Ne6+ Kf6 40. g4 fxg4
41. Bxg4 Nh6 42. Bh3 Nf5+ 43. Bxf5 Kxf5 44. Rd4 Re7 45. Rg1 Nxe6 46. dxe6 Rxe6
47. Rg5+ Kf6 48. Rh5 Rg8 49. f5 Re5 50. Rxd6+ Ke7 51. Rxb6 Kf8 52. Rxh7 Re7 53.
Rb8+ Re8 54. Rbb7 Rg1 55. f6 Re6 56. Rb8+ 1-0

[Event "Flint (MEX/2)"]
[Site "?"]
[Date "1993.??.??"]
[Round "?"]
[White "Clark, K."]
[Black "Finegold, Ron"]
[Result "1/2-1/2"]
[WhiteElo "2010"]
[BlackElo "2215"]
[PlyCount "120"]
[EventDate "1993.??.??"]

1. d4 d5 2. Nf3 Bg4 3. c4 Bxf3 4. exf3 e6 5. Qb3 Nc6 6. Be3 Bb4+ 7. Nc3 a5 8.
a3 a4 9. Qc2 Bxc3+ 10. bxc3 Nge7 11. Rb1 Ra7 12. cxd5 Nxd5 13. Bb5 O-O 14. O-O
Qd6 15. Qc1 Nce7 16. c4 Nxe3 17. fxe3 c5 18. Qc3 b6 19. Rfd1 h6 20. Rd3 Nf5 21.
dxc5 Qxc5 22. Qb4 Rc8 23. Kf2 Qe5 24. g3 Qc5 25. Qxc5 bxc5 26. Rbd1 Rcc7 27. g4
Ne7 28. Rd7 g5 29. Rxc7 Rxc7 30. Rd7 Rxd7 31. Bxd7 Ng6 32. Bxa4 Kf8 33. Kg3 Ke7
34. f4 f6 35. Bc2 Nf8 36. fxg5 hxg5 37. h4 gxh4+ 38. Kxh4 Nd7 39. a4 Ne5 40.
Bb3 Nc6 41. Kg3 Kd6 42. Kf4 Na5 43. Ba2 Nc6 44. e4 Ne5 45. a5 Nd3+ 46. Ke3 Ne5
47. Kf4 Nd3+ 48. Kg3 Nb4 49. Kf4 Nd3+ 50. Ke3 Ne5 51. Kf4 Ng6+ 52. Kg3 Kc7 53.
g5 fxg5 54. Kg4 Ne7 55. Kxg5 Nc6 56. Kf6 Nxa5 57. Kxe6 Nc6 58. Kd5 Nb4+ 59.
Kxc5 Nxa2 60. e5 Nc3 1/2-1/2

[Event "East Lansing (MI Op/6/13)"]
[Site "?"]
[Date "1993.??.??"]
[Round "?"]
[White "Clark, K."]
[Black "Conley, Steve"]
[Result "0-1"]
[WhiteElo "2030"]
[BlackElo "1930"]
[PlyCount "84"]
[EventDate "1993.??.??"]

{6/(13)} 1. d4 d5 2. Nf3 Nf6 3. c4 e6 4. Nc3 b6 5. Bg5 Be7 6. e3 O-O 7. Be2
dxc4 8. O-O Bb7 9. Rc1 Nbd7 10. Qa4 c5 11. Rfd1 Nd5 12. Bxe7 Qxe7 13. Qxc4 Rac8
14. Nxd5 Bxd5 15. Qa4 Rc7 16. Rc3 Bc6 17. Qc2 Rfc8 18. Rc1 Nf6 19. Ba6 Ne4 20.
Ra3 Rd8 21. Bd3 f5 22. Ne5 Ba8 23. f3 Nf6 24. b4 Nd5 25. bxc5 Nxe3 26. Qe2 f4
27. Nc4 Rxd4 28. Nxe3 fxe3 29. Qxe3 Rxc5 30. Re1 Rd6 31. Be4 Bxe4 32. Qxe4 a5
33. Rae3 Rdc6 34. Qg4 Rc1 35. Kf2 Rxe1 36. Rxe1 b5 37. Qe4 Qc5+ 38. Kg3 b4 39.
Rd1 Rd6 40. Rxd6 Qxd6+ 41. Kh3 Qd5 42. Qc2 Qf5+ 0-1

[Event "East Lansing (MOR/5/18)"]
[Site "?"]
[Date "1993.??.??"]
[Round "?"]
[White "Choyke, J."]
[Black "Spencer, Gordon"]
[Result "1-0"]
[WhiteElo "1660"]
[BlackElo "1605"]
[PlyCount "69"]
[EventDate "1993.??.??"]

{5/(18)} 1. Nc3 Nf6 2. e4 e5 3. f4 d6 4. Nf3 Nbd7 5. Bc4 h6 6. d3 Nb6 7. Bb3
Qe7 8. h3 Be6 9. Bxe6 Qxe6 10. f5 Qd7 11. a4 a6 12. a5 Nc8 13. Qe2 Ne7 14. O-O
g5 15. fxg6 Nxg6 16. Nxe5 Nxe5 17. Rxf6 O-O-O 18. Nd5 Bg7 19. Rf5 Qe6 20. Qf2
c5 21. Be3 Rdf8 22. Bxc5 dxc5 23. Qxc5+ Nc6 24. c3 Kb8 25. Raf1 Be5 26. b4 Bd6
27. Qc4 Ne5 28. Qd4 Rhg8 29. Nf6 Rg7 30. Rxe5 Qxh3 31. Qxd6+ Ka7 32. Qc5+ Ka8
33. Qxf8+ Ka7 34. Qc5+ Kb8 35. Re8+ 1-0

[Event "East Lansing (MOR/3/1)"]
[Site "?"]
[Date "1993.??.??"]
[Round "?"]
[White "Choyke, J."]
[Black "Morabito, Matthew"]
[Result "0-1"]
[WhiteElo "1660"]
[BlackElo "1785"]
[PlyCount "78"]
[EventDate "1993.??.??"]

{3/(1)} 1. Nc3 Nf6 2. e4 d6 3. d4 g6 4. Be2 Bg7 5. h4 O-O 6. h5 e5 7. d5 Nbd7
8. Be3 Nc5 9. Bxc5 dxc5 10. h6 Bh8 11. Qd2 a6 12. f3 Ne8 13. O-O-O Bf6 14. Kb1
Bg5 15. Qe1 Nd6 16. Qf2 b6 17. g4 Bd7 18. Rf1 Qe7 19. Qh2 b5 20. Nh3 b4 21. Nd1
Bb5 22. Bxb5 axb5 23. Nxg5 Qxg5 24. Qf2 c4 25. Qc5 b3 26. cxb3 cxb3 27. axb3
Ra6 28. Qe3 Qe7 29. g5 Rfa8 30. Nf2 c5 31. Ng4 c4 32. b4 c3 33. Nf6+ Kh8 34.
Qxc3 Rc8 35. Qe3 Nc4 36. Qf2 Qxb4 37. Rd1 Na3+ 38. Ka1 Nc2+ 39. Kb1 Ra1# 0-1

[Event "East Lansing (MOR/6/9)"]
[Site "?"]
[Date "1993.??.??"]
[Round "?"]
[White "Choyke, J."]
[Black "Carr, J."]
[Result "1/2-1/2"]
[WhiteElo "1660"]
[BlackElo "1725"]
[PlyCount "38"]
[EventDate "1993.??.??"]

{6/(9)} 1. Nc3 Nf6 2. e4 d5 3. exd5 Nxd5 4. Bc4 e6 5. Nf3 Be7 6. Bb5+ Bd7 7.
Nxd5 Bxb5 8. Nxe7 Qxe7 9. d3 h6 10. O-O O-O 11. Nd4 Bc6 12. Nxc6 Nxc6 13. b3
Qf6 14. Rb1 Rfd8 15. Bb2 Qg6 16. a3 Rd5 17. f4 Rad8 18. Rf3 Qf5 19. g3 R8d7
1/2-1/2

[Event "Eastpointe (MI Action/4/27)"]
[Site "?"]
[Date "1993.??.??"]
[Round "?"]
[White "Choate, Eric"]
[Black "Ruderman, M."]
[Result "0-1"]
[WhiteElo "1605"]
[BlackElo "1605"]
[PlyCount "54"]
[EventDate "1993.??.??"]

{4/(27)} 1. e4 e5 2. Nf3 Nc6 3. Bc4 Nf6 4. Ng5 d5 5. Nf3 dxc4 6. Nc3 Bc5 7. d3
cxd3 8. cxd3 Ng4 9. Qb3 Nxf2 10. Ng5 O-O 11. Rf1 Nd4 12. Qc4 Nc2+ 13. Kd2 Nxa1
14. Ke1 Bd4 15. Nd5 Be6 16. Qb5 Bxd5 17. exd5 Nc2+ 18. Kd2 Qxg5+ 19. Ke2 Be3
20. Qc4 Nd4+ 21. Ke1 Bxc1 22. Rxf2 Qe3+ 23. Kf1 Rae8 24. Qxc7 e4 25. dxe4 Rxe4
26. Re2 Qxe2+ 27. Kg1 Qe1# 0-1

[Event "Eastpointe (MI Action/2/26)"]
[Site "?"]
[Date "1993.??.??"]
[Round "?"]
[White "Choate, Eric"]
[Black "Dowling, Ji"]
[Result "0-1"]
[WhiteElo "1605"]
[BlackElo "1605"]
[PlyCount "36"]
[EventDate "1993.??.??"]

{2/(26)} 1. e4 e5 2. Nf3 Nc6 3. Bc4 Bc5 4. Ng5 Nh6 5. Nc3 O-O 6. d3 Kh8 7. Qf3
f6 8. Nh3 Nd4 9. Qg3 Nxc2+ 10. Kf1 Nxa1 11. Bxh6 gxh6 12. Qg4 d5 13. exd5 Bxg4
14. Nb5 c6 15. dxc6 bxc6 16. a3 cxb5 17. Bxb5 e4 18. dxe4 Qd1# 0-1

[Event "Flint (Beg/1)"]
[Site "?"]
[Date "1993.??.??"]
[Round "?"]
[White "Choate, Eric"]
[Black "Boegler, D."]
[Result "0-1"]
[WhiteElo "1605"]
[BlackElo "1605"]
[PlyCount "52"]
[EventDate "1993.??.??"]

1. e4 e5 2. Bc4 Nf6 3. Nf3 Nxe4 4. Nxe5 d6 5. Qf3 Bf5 6. Qh5 g6 7. Nxf7 gxh5 8.
Nxd8 Kxd8 9. d3 Nc5 10. Bg5+ Be7 11. O-O Bxg5 12. Re1 Nbd7 13. Bb5 c6 14. Bc4
Kc7 15. Nc3 Rae8 16. Ne2 Bg4 17. Bf7 Rxe2 18. Reb1 Rxc2 19. f3 Ne5 20. fxg4
Be3+ 21. Kh1 Nxf7 22. Re1 Re8 23. Rf1 Re7 24. Rac1 Rxc1 25. Rxc1 Bxc1 26. b4
Re1# 0-1

[Event "Eastpointe (MI Action/5/26)"]
[Site "?"]
[Date "1993.??.??"]
[Round "?"]
[White "Choate, Eric"]
[Black "Aldrich, Justin"]
[Result "0-1"]
[WhiteElo "1605"]
[BlackElo "1605"]
[PlyCount "44"]
[EventDate "1993.??.??"]

{5/(26)} 1. e4 e5 2. Nf3 Nc6 3. Bc4 Be7 4. Nc3 Nf6 5. d3 a6 6. O-O b5 7. Bd5
Nxd5 8. exd5 Nd4 9. Nxe5 Bf6 10. Re1 O-O 11. Re4 Re8 12. Re3 Bxe5 13. Rh3 d6
14. Qh5 Bxh3 15. Qxh3 Nxc2 16. Rb1 Nb4 17. Qg4 g6 18. Ne4 Nxd5 19. Ng5 Nf6 20.
Qh4 Bd4 21. Nf3 Qe7 22. Nxd4 Qe1# 0-1

[Event "Flint (Beg/5)"]
[Site "?"]
[Date "1993.??.??"]
[Round "?"]
[White "Choate, Dan"]
[Black "Fulmore, T."]
[Result "1-0"]
[WhiteElo "1605"]
[BlackElo "1605"]
[PlyCount "55"]
[EventDate "1993.??.??"]

1. e4 Nc6 2. Nf3 d6 3. d4 e5 4. d5 Nce7 5. Bb5+ Bd7 6. Nc3 Bxb5 7. Nxb5 a6 8.
Nc3 Ng6 9. g3 Be7 10. O-O Nf6 11. Nh4 Nxh4 12. gxh4 O-O 13. f4 Qc8 14. f5 c6
15. Rf2 cxd5 16. exd5 Qc5 17. Qf3 Bd8 18. b3 Re8 19. Kh1 e4 20. Qg3 e3 21. Rg2
Nh5 22. Qe1 Nf4 23. Rg3 Bxh4 24. Bxe3 Rxe3 25. Rxe3 Bxe1 26. Raxe1 Nh3 27. Re8+
Rxe8 28. Rxe8# 1-0

[Event "East Lansing (MI Op/3/5)"]
[Site "?"]
[Date "1993.??.??"]
[Round "?"]
[White "Chehayeb, Sal"]
[Black "Thompson, Dexter"]
[Result "0-1"]
[WhiteElo "2070"]
[BlackElo "2265"]
[PlyCount "96"]
[EventDate "1993.??.??"]

{3/(5)} 1. e4 e5 2. g3 Nc6 3. Bg2 Nf6 4. Nc3 Bc5 5. Nge2 d6 6. h3 a6 7. d3 h6
8. O-O Be6 9. Kh2 O-O 10. f4 Nh7 11. f5 Bd7 12. Nd5 Ne7 13. Nec3 c6 14. Ne3 d5
15. exd5 Bxe3 16. Bxe3 Nxf5 17. Bc5 Re8 18. dxc6 bxc6 19. Be4 g6 20. Qd2 Qg5
21. Qxg5 Nxg5 22. g4 Nd4 23. Rf2 f5 24. gxf5 gxf5 25. Bg2 Nde6 26. Ba3 Nf4 27.
h4 Nh7 28. Rg1 Kf7 29. Bf3 Nf6 30. Ne2 Ng6 31. h5 Nh4 32. Ng3 Nxf3+ 33. Rxf3 f4
34. Ne4 Nxe4 35. dxe4 Rg8 36. Rd3 Be6 37. b3 Rg5 38. Rxg5 hxg5 39. Rd6 Rh8 40.
Rxc6 Rxh5+ 41. Kg1 g4 42. Rc7+ Kg6 43. Be7 g3 44. Rc3 Bg4 45. Kg2 Rh2+ 46. Kg1
f3 47. Bc5 f2+ 48. Bxf2 gxf2+ 0-1

[Event "East Lansing (MI Op/1b/12)"]
[Site "?"]
[Date "1993.??.??"]
[Round "?"]
[White "Chehayeb, Sal"]
[Black "Rincon, Helio"]
[Result "1-0"]
[WhiteElo "2070"]
[BlackElo "1835"]
[PlyCount "61"]
[EventDate "1993.??.??"]

1. e4 Nf6 2. Nc3 e5 3. Nf3 Nc6 4. Bc4 Bc5 5. O-O d6 6. h3 O-O 7. d3 h6 8. Be3
Be6 9. Bxe6 fxe6 10. Bxc5 dxc5 11. Qd2 Qe7 12. Ne2 Rae8 13. Qc3 Nd4 14. Nfxd4
cxd4 15. Qb3 Qd6 16. f4 Nd7 17. f5 Nc5 18. Qc4 b5 19. Qxb5 Rb8 20. Qc4 Rxb2 21.
Rf2 Rfb8 22. a3 Rb1+ 23. Rxb1 Rxb1+ 24. Kh2 Kh7 25. g4 Qe7 26. Ng3 Nd7 27. Qxc7
Qxa3 28. Qxd7 Qc1 29. Nf1 exf5 30. Qxf5+ Kh8 31. Qxe5 1-0

[Event "Eastpointe (EDO/4/3)"]
[Site "?"]
[Date "1993.??.??"]
[Round "?"]
[White "Chehayeb, Sal"]
[Black "Linn, Peter"]
[Result "1-0"]
[WhiteElo "2120"]
[BlackElo "2140"]
[PlyCount "77"]
[EventDate "1993.??.??"]

{4/(3)} 1. e4 e6 2. d4 d5 3. Nd2 Nf6 4. e5 Nfd7 5. f4 c5 6. c3 Nc6 7. Ngf3 cxd4
8. Nxd4 g5 9. N2f3 gxf4 10. Bxf4 Bg7 11. Bb5 Qb6 12. Qe2 a6 13. Nxc6 bxc6 14.
Ba4 a5 15. Nd4 Bb7 16. O-O-O O-O-O 17. Rhe1 h5 18. h4 Rdg8 19. Nf3 Kb8 20. Ng5
Rf8 21. Rd2 Ba6 22. Qf2 Qxf2 23. Rxf2 Nc5 24. Bc2 Nd3+ 25. Bxd3 Bxd3 26. Bh2
Bf5 27. Rf4 (27. Rxf5 $5 exf5 28. e6+ Kc8 29. e7 Re8 30. Nxf7 {with Nd6 to
follow, but the text may be surer.}) 27... Kc7 28. Ra4 Ra8 (28... Kb6 29. Bg1+
Ka6 30. Bc5 {and wins a pawn anyway.}) 29. Nxf7 Rhf8 30. Ng5 Bg4 $2 {[Walking
into a decisive cheapo.]} 31. Rxg4 $1 hxg4 32. Nxe6+ Kd7 33. Nxg7 {[With the
e-pawn on the fast career track, White wins in a breeze.]} Rf2 34. e6+ Ke7 35.
Bg1 Rxg2 36. Bc5+ Kf6 37. Nh5+ Kf5 38. e7 g3 39. e8=Q 1-0

[Event "East Lansing (May)"]
[Site "?"]
[Date "1993.??.??"]
[Round "?"]
[White "Chehayeb, Sal"]
[Black "Garrison, Ray"]
[Result "1-0"]
[WhiteElo "2130"]
[BlackElo "1940"]
[PlyCount "51"]
[EventDate "1993.??.??"]

1. e4 e6 2. d4 d5 3. Nc3 Bb4 4. a3 Bxc3+ 5. bxc3 dxe4 6. Qg4 Nf6 7. Qxg7 Rg8 8.
Qh6 c5 9. Ne2 Nbd7 10. Ng3 Qc7 11. Bb5 cxd4 12. Qxf6 Qxc3+ 13. Kd1 Qxa1 14.
Nxe4 Kf8 15. Qd8+ Kg7 16. Qe7 d3 17. Bxd3 Ne5 18. Qf6+ Kf8 19. Ke2 Qd4 20. Be3
Qd7 21. Bc5+ Ke8 22. Nd6+ Kf8 23. Nxc8+ Ke8 24. Nd6+ Kf8 25. Nxf7+ Ke8 26. Nd6+
1-0

[Event "East Lansing (May)"]
[Site "?"]
[Date "1993.??.??"]
[Round "?"]
[White "Chehayeb, Sal"]
[Black "Beydoun, N."]
[Result "1-0"]
[WhiteElo "2130"]
[BlackElo "1970"]
[PlyCount "49"]
[EventDate "1993.??.??"]

1. e4 c5 2. Nf3 d6 3. d4 cxd4 4. Nxd4 Nf6 5. Nc3 a6 6. Be2 e6 7. O-O Be7 8. f4
b5 9. Bf3 Bb7 10. Be3 d5 11. e5 Ne4 12. f5 exf5 13. Nxf5 O-O 14. Bxe4 dxe4 15.
Qg4 g6 16. Nh6+ Kg7 17. Rad1 Qc7 18. Nf5+ Kh8 19. Bh6 Bc5+ 20. Kh1 Rg8 21. Nd6
Bxd6 22. Rxd6 f5 23. Qg5 Nd7 24. Qe7 Qc4 25. Rfd1 1-0

[Event "East Lansing (MI Op/5/17)"]
[Site "?"]
[Date "1993.??.??"]
[Round "?"]
[White "Chehayeb, Sal"]
[Black "Bauerle, Paul"]
[Result "1-0"]
[WhiteElo "2070"]
[BlackElo "1940"]
[PlyCount "61"]
[EventDate "1993.??.??"]

{5/(17)} 1. e4 e6 2. d4 d5 3. Nc3 Bb4 4. a3 Bxc3+ 5. bxc3 dxe4 6. Qg4 Nf6 7.
Qxg7 Rg8 8. Qh6 c5 9. Ne2 Rg6 10. Qd2 Qa5 11. Ng3 Nc6 12. Bb2 b6 13. O-O-O cxd4
14. cxd4 Qxd2+ 15. Rxd2 Bb7 16. Bb5 O-O-O 17. Re1 Nd5 18. Rxe4 Nc7 19. Bf1 f5
20. Rh4 Rd7 21. Nh5 Rh6 22. g3 Ne7 23. Rh3 Rg6 24. Nf4 Rg7 25. d5 Nexd5 26.
Nxd5 Bxd5 27. Bxg7 Rxg7 28. Rh6 b5 29. Rd4 Rd7 30. Rdh4 Bf3 31. Bd3 1-0